[Event "Tournament 14471 - Europe Echecs"]
[Site "Europe Echecs"]
[Date "2020.07.09"]
[Round "1"]
[Time "14:05:03"]
[PlyCount "41"]
[White "PeyquetMaelys"]
[Black "MareauTimothe"]
[WhiteElo "1257"]
[BlackElo "1642"]
[Mode "WEB"]
[Result "0-1"]

1. e4 e6 2. d4 d5 3. exd5 exd5 4. Bd3 Bd6 5. Nf3 Ne7 6. O-O O-O 7. Re1 Bf5 8.
Bxf5 Nxf5 9. c3 Nd7 10. Qc2 Nh4 11. Ng5 Ng6 12. Qd3 Nf6 13. Nd2 Re8 14. Rf1
Bxh2+ 15. Kxh2 Ng4+ 16. Kg1 Qxg5 17. Nf3 Qh5 18. Qd2 Nh4 19. Qg5 Nxf3+ 20. gxf3
Qh2# {PeyquetMaelys est échec et mat} 0-1

[Event "Tournament 14471 - Europe Echecs"]
[Site "Europe Echecs"]
[Date "2020.07.09"]
[Round "1"]
[Time "14:05:03"]
[PlyCount "50"]
[White "BuetClovis"]
[Black "BousmahaLeila"]
[WhiteElo "1251"]
[BlackElo "1638"]
[Mode "WEB"]
[Result "1-0"]

1. e4 e5 2. Nf3 Nc6 3. Bb5 a6 4. Bxc6 dxc6 5. d3 Bd6 6. h3 Ne7 7. Nc3 Be6 8. O-O
h6 9. Be3 Qd7 10. d4 exd4 11. Nxd4 O-O-O 12. Nxe6 Qxe6 13. Qe2 g5 14. Rfd1 Qe5
15. g3 Rhf8 16. Bd4 Qe6 17. a3 Qxh3 18. e5 Nf5 19. exd6 cxd6 20. Bb6 Rde8 21.
Qf3 g4 22. Qxf5+ Kb8 23. Rxd6 h5 24. Rh6 Rh8 25. Rxh8 {BousmahaLeila a abandonné} 1-0

[Event "Tournament 14471 - Europe Echecs"]
[Site "Europe Echecs"]
[Date "2020.07.09"]
[Round "1"]
[Time "14:05:03"]
[PlyCount "120"]
[White "ChouvaevKominD"]
[Black "CoindreauElsa"]
[WhiteElo "1637"]
[BlackElo "1248"]
[Mode "WEB"]
[Result "1-0"]

1. e4 e5 2. Nf3 Nc6 3. Bb5 a6 4. Ba4 Nf6 5. O-O b5 6. Bb3 Be7 7. Re1 O-O 8. c3
d6 9. h3 Re8 10. Ng5 d5 11. exd5 Nxd5 12. Bxd5 Qxd5 13. Qf3 Qxf3 14. Nxf3 Bd6
15. d4 e4 16. d5 Na7 17. Nbd2 Bf5 18. Nd4 Bg6 19. N2b3 f6 20. Be3 Bf7 21. Nc6
Nxc6 22. dxc6 Bd5 23. Na5 f5 24. Rad1 Bf7 25. Nb7 Be5 26. Bd4 Bxd4 27. Rxd4 Bxa2
28. Rd7 Rac8 29. Red1 Be6 30. R7d4 Bb3 31. Ra1 Ra8 32. Rd7 Rec8 33. Nc5 Bc4 34.
Rxa6 Rxa6 35. Nxa6 Kf8 36. Nxc7 h6 37. Kh2 g5 38. g3 f4 39. gxf4 gxf4 40. Kg2 h5
41. h4 Bf7 42. Kf1 Be8 43. Nxe8 Rxe8 44. c7 Rc8 45. Rd8+ Rxd8 46. cxd8=Q+ Kf7
47. Qd4 e3 48. Qxf4+ Ke6 49. fxe3 Kd5 50. b3 Kc5 51. Qe5+ Kb6 52. Qd6+ Ka5 53.
Qc5 Ka6 54. e4 Kb7 55. e5 Ka8 56. e6 Kb7 57. e7 Ka8 58. e8=Q+ Kb7 59. Qec6+ Kb8
60. Q5b6# {CoindreauElsa est échec et mat} 1-0

[Event "Tournament 14471 - Europe Echecs"]
[Site "Europe Echecs"]
[Date "2020.07.09"]
[Round "1"]
[Time "14:05:03"]
[PlyCount "97"]
[White "MenouxJoachim"]
[Black "DupuisEsteban"]
[WhiteElo "1627"]
[BlackElo "1234"]
[Mode "WEB"]
[Result "0-1"]

1. d4 Nf6 2. c4 g6 3. Nc3 d5 4. cxd5 Nxd5 5. Bd2 Nxc3 6. Bxc3 Bg7 7. e3 O-O 8.
Nf3 c5 9. d5 Bxc3+ 10. bxc3 Qa5 11. Qc2 Bf5 12. Bd3 Bxd3 13. Qxd3 Rd8 14. O-O e6
15. c4 exd5 16. cxd5 c4 17. Qxc4 Qxd5 18. Qxd5 Rxd5 19. Rfd1 Rd7 20. Rac1 Rxd1+
21. Rxd1 Nc6 22. Rd7 Rd8 23. Rxd8+ Nxd8 24. Nd4 Nc6 25. Nxc6 bxc6 26. Kf1 f5 27.
Ke2 Kf7 28. Kd3 Ke6 29. Kc4 Kd6 30. f4 a6 31. a3 h6 32. h4 c5 33. a4 Kc6 34. g3
h5 35. Kd3 Kd5 36. Kc3 c4 37. Kb4 a5+ 38. Kc3 Kc5 39. Kd2 Kb4 40. g4 hxg4 41. e4
fxe4 42. f5 gxf5 43. h5 g3 44. Ke2 c3 45. h6 c2 46. h7 c1=Q 47. h8=Q Qc2+ 48.
Ke3 Qf2# {MenouxJoachim est échec et mat} 0-1

[Event "Tournament 14471 - Europe Echecs"]
[Site "Europe Echecs"]
[Date "2020.07.09"]
[Round "1"]
[Time "14:05:03"]
[PlyCount "85"]
[White "SemenovTimour"]
[Black "GrimaultLeane"]
[WhiteElo "1227"]
[BlackElo "1622"]
[Mode "WEB"]
[Result "0-1"]

1. e4 d5 2. exd5 Qxd5 3. Nc3 Qa5 4. d4 Nf6 5. Nf3 Bf5 6. Bd2 Nc6 7. Bc4 O-O-O 8.
Be2 Nxd4 9. Nxd4 Rxd4 10. Nb5 Rxd2 11. Qxd2 Qxd2+ 12. Kxd2 a6 13. Nd4 Bg6 14.
Bc4 e6 15. Rad1 Bc5 16. Nb3 Bxf2 17. Rhf1 Bb6 18. Kc1 Ng4 19. Rfe1 Ne3 20. Rxe3
Bxe3+ 21. Kb1 Rd8 22. Rxd8+ Kxd8 23. Nc5 Bxc5 24. Kc1 Kd7 25. Kd1 Kd6 26. Ke2
Bxc2 27. Kd2 Be4 28. g3 b5 29. Bb3 Bd4 30. Kc1 c5 31. a3 Bd5 32. Bc2 g6 33. Kb1
f5 34. Kc1 e5 35. Kd1 e4 36. Ke2 Bc4+ 37. Kd2 Ke5 38. b4 cxb4 39. axb4 f4 40.
gxf4+ Kxf4 41. Ke1 e3 42. Bd1 Bc3# {SemenovTimour est échec et mat} 0-1

[Event "Tournament 14471 - Europe Echecs"]
[Site "Europe Echecs"]
[Date "2020.07.09"]
[Round "1"]
[Time "14:05:03"]
[PlyCount "136"]
[White "SuspeneJacques"]
[Black "DelageKenael"]
[WhiteElo "1610"]
[BlackElo "1223"]
[Mode "WEB"]
[Result "1-0"]

1. e4 c6 2. d4 d5 3. exd5 cxd5 4. c4 Bf5 5. Nc3 e6 6. c5 Nf6 7. Bg5 Be7 8. Nf3
h6 9. Bh4 O-O 10. Be2 Nc6 11. O-O Rc8 12. a3 Nd7 13. Bxe7 Qxe7 14. b4 e5 15.
dxe5 Ncxe5 16. Nxd5 Qe6 17. Ne3 Bg6 18. Qd5 Qxd5 19. Nxd5 Rfe8 20. Rfe1 Be4 21.
Nc3 Bxf3 22. Bxf3 Nxf3+ 23. gxf3 Nf6 24. Rad1 b6 25. Rxe8+ Nxe8 26. Na4 bxc5 27.
Nxc5 Nf6 28. Kf1 a5 29. Ke2 axb4 30. axb4 Rb8 31. Rd4 Kf8 32. Kd3 Ke7 33. Kc4 g5
34. b5 h5 35. Ne4 Nxe4 36. fxe4 Ke6 37. Kc5 Ke5 38. Rd5+ Kxe4 39. Rxg5 Kf3 40.
Rf5+ Kg4 41. Rxf7 Rc8+ 42. Kb6 Rb8+ 43. Kc6 Rc8+ 44. Kb7 Rc5 45. b6 Rb5 46. Kc6
Rb2 47. b7 Rc2+ 48. Kd7 Rd2+ 49. Kc8 Rc2+ 50. Rc7 Rxf2 51. b8=Q Rf8+ 52. Kb7
Rxb8+ 53. Kxb8 Kh3 54. Rh7 Kxh2 55. Rxh5+ Kg3 56. Kc7 Kg4 57. Re5 Kf4 58. Kd6
Kg4 59. Ke6 Kf4 60. Kf6 Kg4 61. Rf5 Kh4 62. Rg5 Kh3 63. Kf5 Kh4 64. Rg7 Kh3 65.
Kf4 Kh2 66. Kf3 Kh1 67. Kf2 Kh2 68. Rh7# {DelageKenael est échec et mat} 1-0

[Event "Tournament 14471 - Europe Echecs"]
[Site "Europe Echecs"]
[Date "2020.07.09"]
[Round "1"]
[Time "14:05:03"]
[PlyCount "131"]
[White "SivasankaranSa"]
[Black "GignouxPezzett"]
[WhiteElo "1216"]
[BlackElo "1605"]
[Mode "WEB"]
[Result "0-1"]

1. e4 e5 2. Nf3 Nc6 3. Bc4 Be7 4. d3 Nf6 5. Nc3 O-O 6. h3 d6 7. O-O Be6 8. Bb3
Qd7 9. Be3 a6 10. Nd5 Rfe8 11. Bg5 Qd8 12. Qd2 h6 13. Bxf6 Bxf6 14. Nxf6+ Qxf6
15. Nh2 Nd4 16. Bxe6 fxe6 17. f4 exf4 18. Rxf4 Qxf4 19. Qxf4 Ne2+ 20. Kh1 Nxf4
21. Ng4 Rf8 22. Ne3 Rf7 23. Re1 Raf8 24. Kh2 Ng6 25. Kg3 h5 26. Re2 h4+ 27. Kg4
Rf4+ 28. Kg5 Kh7 29. b3 Rf2 30. Re1 d5 31. exd5 exd5 32. d4 R8f4 33. Rd1 Re2 34.
Rd3 c5 35. dxc5 d4 36. Ng4 Ref2 37. Nxf2 Rxf2 38. Rxd4 Rxg2+ 39. Kf5 Rxc2 40.
Rc4 Rxa2 41. Rc3 Rf2+ 42. Ke6 Re2+ 43. Kd6 Kh6 44. Kc7 Re7+ 45. Kd6 Kg5 46. Rc4
Rf7 47. Rg4+ Kh6 48. Ke6 Rf6+ 49. Kd7 Ne5+ 50. Ke7 Nxg4 51. hxg4 h3 52. Kd7 h2
53. c6 h1=Q 54. c7 Rc6 55. c8=Q Rxc8 56. Kxc8 Qc6+ 57. Kd8 Kg6 58. Ke7 Qe4+ 59.
Kd6 Kf6 60. Kc5 Ke6 61. Kb6 Qc6+ 62. Ka7 Kd7 63. Ka8 Kc7 64. Ka7 b5 65. b4 Qb7# {SivasankaranSa est échec et mat} 0-1

[Event "Tournament 14471 - Europe Echecs"]
[Site "Europe Echecs"]
[Date "2020.07.09"]
[Round "1"]
[Time "14:05:03"]
[PlyCount "42"]
[White "MaisonhauteLel"]
[Black "AlunniBagarell"]
[WhiteElo "1603"]
[BlackElo "1214"]
[Mode "WEB"]
[Result "1-0"]

1. e4 e6 2. d4 d5 3. exd5 exd5 4. Bd3 Nf6 5. h3 Bd6 6. Qf3 O-O 7. Ne2 c5 8. dxc5
Bxc5 9. O-O Nc6 10. Be3 Bb6 11. Bg5 Qd6 12. Nbc3 Bc7 13. Bf4 Nd4 14. Qg3 Nxe2+
15. Nxe2 Qb4 16. Bxc7 Ne4 17. Bxe4 Qxe4 18. Nc3 Qxc2 19. Nxd5 Qxb2 20. Be5 Be6
21. Qxg7# {AlunniBagarell est échec et mat} 1-0

[Event "Tournament 14471 - Europe Echecs"]
[Site "Europe Echecs"]
[Date "2020.07.09"]
[Round "1"]
[Time "14:05:03"]
[PlyCount "125"]
[White "DibyJulien"]
[Black "DeshaiesClemen"]
[WhiteElo "1205"]
[BlackElo "1600"]
[Mode "WEB"]
[Result "0-1"]

1. e4 c5 2. Nf3 d6 3. h3 Nf6 4. Bd3 Qc7 5. c3 Nc6 6. Bc2 g6 7. O-O Bg7 8. Re1
O-O 9. d4 cxd4 10. cxd4 Rd8 11. Nc3 Bd7 12. Bf4 Nh5 13. Bg5 Re8 14. Nd5 Qd8 15.
e5 dxe5 16. dxe5 Be6 17. Bxe7 Rxe7 18. Nxe7+ Qxe7 19. Qd6 Qxd6 20. exd6 Rd8 21.
Rad1 Bf8 22. g4 Ng7 23. Ng5 Rxd6 24. Rxd6 Bxd6 25. Rd1 Be5 26. Ba4 Ne8 27. Re1
Bxb2 28. Nxe6 fxe6 29. Rxe6 Kf7 30. Re2 Bf6 31. g5 Bxg5 32. h4 Bxh4 33. Kh2 Bf6
34. Kg3 h5 35. Kh3 Nd6 36. Rd2 Be7 37. f4 Nd8 38. Bb3+ Kf6 39. Kh4 Ne6 40. Bxe6
Kxe6+ 41. Kg3 Kf6 42. Re2 Nf5+ 43. Kf3 Bd6 44. Kf2 g5 45. fxg5+ Kxg5 46. Kf3
Nd4+ 47. Ke3 Nxe2 48. Kxe2 Kg4 49. Kf2 h4 50. Kg1 h3 51. Kh1 h2 52. Kg2 Kf5 53.
Kh1 b5 54. Kg2 a5 55. Kh1 b4 56. Kg2 a4 57. Kh1 b3 58. axb3 axb3 59. Kg2 b2 60.
Kh1 b1=Q+ 61. Kg2 Qe4+ 62. Kh3 h1=Q# {DibyJulien est échec et mat} 0-1

[Event "Tournament 14471 - Europe Echecs"]
[Site "Europe Echecs"]
[Date "2020.07.09"]
[Round "1"]
[Time "14:05:03"]
[PlyCount "110"]
[White "CiarlettaUlyss"]
[Black "BataillePaul"]
[WhiteElo "1599"]
[BlackElo "1198"]
[Mode "WEB"]
[Result "1-0"]

1. d4 f5 2. c4 Nf6 3. Nc3 e6 4. Bg5 Be7 5. Nf3 d5 6. e3 c6 7. Ne5 O-O 8. h4 Ne4
9. Bxe7 Qxe7 10. cxd5 exd5 11. Be2 Qb4 12. Qc2 Nd7 13. Nd3 Qe7 14. O-O-O Ndf6
15. Kb1 b6 16. Ne5 Bb7 17. Bf3 Nxc3+ 18. Qxc3 Rac8 19. Qb3 Ne4 20. Bxe4 fxe4 21.
f4 exf3 22. gxf3 Qe6 23. f4 Qf5+ 24. Qd3 Qxd3+ 25. Nxd3 c5 26. Ne5 cxd4 27. Rxd4
Rc7 28. Rhd1 Rfc8 29. Ng4 Rc2 30. R4d2 Rxd2 31. Rxd2 h5 32. Ne5 Re8 33. Rd1 Rd8
34. Kc2 Rd6 35. Rg1 Kh7 36. Rg5 g6 37. Kd3 Ba6+ 38. Kd4 Kg7 39. Nf3 Rf6 40. Rxd5
Rf7 41. Ng5 Re7 42. b4 Bb7 43. Rd6 b5 44. e4 a6 45. e5 Rc7 46. Ne6+ Kf7 47. Nxc7
Bc8 48. e6+ Kf8 49. Ke5 Ke7 50. Nd5+ Ke8 51. e7 Bd7 52. Nf6+ Kf7 53. Rxd7 Kg7
54. e8=Q+ Kh6 55. Qh8# {BataillePaul est échec et mat} 1-0

[Event "Tournament 14471 - Europe Echecs"]
[Site "Europe Echecs"]
[Date "2020.07.09"]
[Round "1"]
[Time "14:05:03"]
[PlyCount "145"]
[White "SurninZoya"]
[Black "MateriaMatteo"]
[WhiteElo "1192"]
[BlackElo "1595"]
[Mode "WEB"]
[Result "0-1"]

1. e4 e5 2. Nf3 Nc6 3. Nc3 Nf6 4. Bb5 d6 5. d3 a6 6. Ba4 Be7 7. h3 h6 8. O-O O-O
9. Be3 Be6 10. Re1 Nd7 11. Bxc6 bxc6 12. Nd2 f5 13. f3 f4 14. Bf2 Bh4 15. Qe2
Bxf2+ 16. Qxf2 c5 17. Ne2 Qg5 18. c3 Bxh3 19. d4 cxd4 20. cxd4 Be6 21. d5 Bf7
22. Kf1 Nc5 23. Nc1 Rab8 24. b3 Be8 25. Kg1 Bb5 26. Nf1 h5 27. Ne2 Nd3 28. Qa7
Nxe1 29. Rxe1 Qh4 30. Qf2 Qxf2+ 31. Kxf2 Bxe2 32. Rxe2 g5 33. Nh2 Kg7 34. Kg1
Kg6 35. Rc2 Rfc8 36. Re2 Rb6 37. Rc2 c6 38. Rd2 cxd5 39. Rxd5 Rc5 40. Rd2 Rbc6
41. Rd1 Rc1 42. Rxc1 Rxc1+ 43. Kf2 Rc2+ 44. Kg1 Rxa2 45. Nf1 Rb2 46. Kh1 g4 47.
Kg1 g3 48. Kh1 Kf6 49. Kg1 Ke7 50. Kh1 Kd7 51. Kg1 Kc6 52. Kh1 Kc5 53. Kg1 h4
54. Kh1 h3 55. Kg1 h2+ 56. Nxh2 gxh2+ 57. Kxh2 Rxb3 58. Kh3 a5 59. g3 fxg3 60.
Kxg3 a4 61. Kg4 a3 62. f4 exf4 63. Kxf4 a2 64. e5 dxe5+ 65. Kxe5 a1=Q+ 66. Ke4
Qd1 67. Kf4 Qd4+ 68. Kf5 Kc4 69. Ke6 Rb5 70. Ke7 Rb6 71. Ke8 Rb7 72. Kf8 Qd8# {SurninZoya est échec et mat} 0-1

[Event "Tournament 14471 - Europe Echecs"]
[Site "Europe Echecs"]
[Date "2020.07.09"]
[Round "1"]
[Time "14:05:03"]
[PlyCount "149"]
[White "KorchalovskiiM"]
[Black "BassingCassand"]
[WhiteElo "1593"]
[BlackElo "1191"]
[Mode "WEB"]
[Result "0-1"]

1. d4 d5 2. c4 e6 3. Nc3 Nf6 4. cxd5 exd5 5. Bg5 Be7 6. Qc2 O-O 7. e3 Nbd7 8.
Bd3 h6 9. Bh4 Re8 10. Nge2 Nf8 11. O-O b6 12. Bxf6 Bxf6 13. b4 Qd6 14. a3 Bd7
15. Nf4 c6 16. Rfe1 Ne6 17. Nxe6 Bxe6 18. b5 c5 19. dxc5 Qxc5 20. Rac1 Rac8 21.
Nb1 Qd6 22. Qd2 Bg4 23. f3 Bh5 24. Rxc8 Rxc8 25. Rc1 Re8 26. e4 dxe4 27. Bxe4
Qe5 28. Rc2 Rd8 29. Qc1 Bg5 30. Qe1 Qd4+ 31. Kh1 Be3 32. Re2 Bf4 33. Bc2 Bg6 34.
Re8+ Rxe8 35. Qxe8+ Kh7 36. Bxg6+ fxg6 37. Qe1 Qd6 38. g3 Be5 39. Qe4 Bb2 40.
Qe2 Bxa3 41. Nxa3 Qxa3 42. Kg2 Qb4 43. f4 a5 44. bxa6 Qa5 45. Qd3 b5 46. Qd6 b4
47. Kf3 b3 48. Qd3 Qa4 49. Ke2 Qa2+ 50. Ke3 b2 51. Qc2 b1=Q 52. Qxb1 Qxb1 53. a7
Qa2 54. a8=Q Qxa8 55. Kd2 Kg8 56. Kd3 Qd5+ 57. Kc3 Kf7 58. Kc2 Ke6 59. f5+ Kxf5
60. g4+ Ke4 61. h3 Ke3 62. g5 hxg5 63. h4 gxh4 64. Kc1 Ke2 65. Kc2 Qd2+ 66. Kb3
Qc1 67. Kb4 Kd3 68. Kb3 Qb1+ 69. Ka3 Kc2 70. Ka4 Kc3 71. Ka5 Kc4 72. Ka6 Kc5 73.
Ka7 Kc6 74. Ka8 Qb7# {KorchalovskiiM est échec et mat} 0-1

[Event "Tournament 14471 - Europe Echecs"]
[Site "Europe Echecs"]
[Date "2020.07.09"]
[Round "1"]
[Time "14:05:03"]
[PlyCount "69"]
[White "KouamMaelis"]
[Black "LalondeHugo"]
[WhiteElo "1182"]
[BlackElo "1590"]
[Mode "WEB"]
[Result "0-1"]

1. e4 d5 2. exd5 Qxd5 3. Nc3 Qd8 4. Nf3 Nf6 5. d4 Bg4 6. Be2 e6 7. O-O Be7 8.
Be3 O-O 9. Qd2 c6 10. Rad1 Nd5 11. Rfe1 a5 12. Ne5 Nxc3 13. bxc3 Bxe2 14. Qxe2
Nd7 15. Rb1 Nxe5 16. dxe5 b5 17. Red1 Qc7 18. Bf4 Rfd8 19. h3 Bc5 20. Qg4 Kh8
21. Bg5 Be7 22. Bxe7 Qxe7 23. Rxd8+ Rxd8 24. c4 b4 25. Qe4 Qd7 26. Re1 h6 27.
Re2 Qd4 28. Qxd4 Rxd4 29. Re3 Rxc4 30. Rd3 Rxc2 31. Rd6 c5 32. Rc6 c4 33. Ra6
Rxa2 34. Rb6 c3 {KouamMaelis a abandonné} 0-1

[Event "Tournament 14471 - Europe Echecs"]
[Site "Europe Echecs"]
[Date "2020.07.09"]
[Round "1"]
[Time "14:05:03"]
[PlyCount "98"]
[White "VasselinLouis"]
[Black "CogneauMaude"]
[WhiteElo "1590"]
[BlackElo "1180"]
[Mode "WEB"]
[Result "1-0"]

1. e4 e5 2. Bc4 Nf6 3. d3 Nc6 4. Nf3 Bc5 5. O-O Ng4 6. h3 Nf6 7. c3 d6 8. Bg5
O-O 9. Re1 h6 10. Bh4 Qe8 11. Bxf6 gxf6 12. d4 exd4 13. cxd4 Bb6 14. Qd2 a5 15.
Qxh6 Be6 16. d5 Bd4 17. Nc3 f5 18. dxe6 fxe4 19. exf7+ Rxf7 20. Qg6+ Kh8 21.
Bxf7 Qf8 22. Nxd4 Nxd4 23. Qf6+ Kh7 24. Qxd4 Qxf7 25. Qxe4+ Kh8 26. Re3 c6 27.
Rg3 d5 28. Qh4+ Qh7 29. Qxh7+ Kxh7 30. Re1 Rg8 31. Re7+ Kh8 32. Rxg8+ Kxg8 33.
Rxb7 d4 34. Ne4 d3 35. Kf1 a4 36. Ke1 c5 37. Kd2 c4 38. h4 Kf8 39. h5 Kg8 40. h6
Kh8 41. g4 c3+ 42. bxc3 a3 43. f4 Kg8 44. f5 Kh8 45. g5 Kg8 46. g6 Kh8 47. Ng5
Kg8 48. h7+ Kh8 49. g7# {CogneauMaude est échec et mat} 1-0

[Event "Tournament 14471 - Europe Echecs"]
[Site "Europe Echecs"]
[Date "2020.07.09"]
[Round "1"]
[Time "14:05:03"]
[PlyCount "103"]
[White "DoucetPierreAl"]
[Black "MarcheNael"]
[WhiteElo "1177"]
[BlackElo "1566"]
[Mode "WEB"]
[Result "0-1"]

1. e4 c5 2. Nf3 d6 3. d4 cxd4 4. Nxd4 Nf6 5. Nc3 a6 6. Bg5 e6 7. Bc4 b5 8. Bb3
Be7 9. O-O Bb7 10. Qd3 Nbd7 11. Rfe1 Nc5 12. Qe3 h6 13. Bxf6 Bxf6 14. Rad1 Qb6
15. Nf3 Bxc3 16. bxc3 Qc7 17. e5 d5 18. Nd4 Ne4 19. f3 Nxc3 20. Rd3 b4 21. Qd2
a5 22. Ree3 Ba6 23. Rxc3 bxc3 24. Rxc3 Qd7 25. Qf4 O-O 26. Nc6 Bb5 27. Nd4 Rac8
28. Rxc8 Rxc8 29. Nxb5 Qxb5 30. Kf2 Qb4 31. Qxb4 axb4 32. Ke3 Kf8 33. Kd4 Ke7
34. g4 f6 35. exf6+ gxf6 36. f4 Kd6 37. h4 Rc3 38. Bxd5 exd5 39. f5 Rxc2 40. g5
fxg5 41. hxg5 hxg5 42. f6 Rf2 43. f7 Rxf7 44. Ke3 g4 45. Ke2 g3 46. Kd3 g2 47.
Kc2 g1=Q 48. Kb3 Qd1+ 49. Kxb4 Rb7+ 50. Ka3 Qd3+ 51. Ka4 Qa6# {DoucetPierreAl est échec et mat} 0-1

[Event "Tournament 14471 - Europe Echecs"]
[Site "Europe Echecs"]
[Date "2020.07.09"]
[Round "1"]
[Time "14:05:03"]
[PlyCount "57"]
[White "PousVictor"]
[Black "MichelDeletieO"]
[WhiteElo "1167"]
[BlackElo "1558"]
[Mode "WEB"]
[Result "0-1"]

1. e4 e5 2. Nf3 Nc6 3. d4 exd4 4. Nxd4 Nf6 5. Nc3 Bb4 6. Nxc6 bxc6 7. Bd2 O-O 8.
Bc4 Bxc3 9. Bxc3 Nxe4 10. Qd4 Nxc3 11. Qxc3 d5 12. Bd3 Re8+ 13. Be2 Qe7 14. Qf3
Ba6 15. O-O Bxe2 16. Qxe2 Qxe2 17. Rac1 Rab8 18. h3 Rxb2 19. Rfe1 Qxe1+ 20. Rxe1
Rxe1+ 21. Kh2 Rxc2 22. f3 Ree2 23. h4 Rxg2+ 24. Kh1 Rh2+ 25. Kg1 Rcg2+ 26. Kf1
Rxa2 27. Kg1 Rhb2 28. Kf1 Ra1# {PousVictor est échec et mat} 0-1

[Event "Tournament 14471 - Europe Echecs"]
[Site "Europe Echecs"]
[Date "2020.07.09"]
[Round "1"]
[Time "14:05:03"]
[PlyCount "136"]
[White "PousAntoine"]
[Black "LoszycerSasha"]
[WhiteElo "1554"]
[BlackElo "1162"]
[Mode "WEB"]
[Result "1-0"]

1. d4 d6 2. c4 g6 3. Nc3 Bg7 4. Nf3 Nc6 5. Bg5 Nf6 6. d5 Nb4 7. a3 Na6 8. e3 O-O
9. Bd3 Nc5 10. Bc2 Ncd7 11. O-O e5 12. Ne4 h6 13. Bh4 Qe8 14. Nxf6+ Nxf6 15. e4
Nd7 16. Nd2 Nc5 17. b4 Nd7 18. Rc1 c6 19. Ba4 cxd5 20. cxd5 f5 21. f3 fxe4 22.
fxe4 Rxf1+ 23. Qxf1 Qf8 24. Qe2 a6 25. Bxd7 Bxd7 26. Rf1 Qc8 27. Nc4 Qc7 28. Ne3
Bb5 29. Qf2 Bxf1 30. Qxf1 Rf8 31. Qe2 Qc1+ 32. Nf1 Qxa3 33. Be7 Re8 34. Bxd6 Rd8
35. Bc5 Rb8 36. Qc4 Bf8 37. d6+ Kh7 38. Qf7+ Bg7 39. d7 Qa5 40. Be7 Qb6+ 41. Kh1
Qc6 42. d8=Q Rxd8 43. Bxd8 Qc8 44. Bf6 Qg8 45. Qxb7 Kh8 46. Bxg7+ Qxg7 47. Qxg7+
Kxg7 48. Nd2 Kf6 49. Nc4 Kg5 50. Kg1 Kf4 51. Nd6 Ke3 52. Kf1 Kd4 53. Ke2 Kc3 54.
Ke3 Kxb4 55. Kd3 a5 56. Nc4 Kb3 57. Nxa5+ Kb4 58. Nc6+ Kb3 59. Nxe5 Kb4 60. Nxg6
Kc5 61. e5 Kd5 62. Ke3 Ke6 63. Kf4 Kf7 64. Kf5 Kg7 65. e6 Kg8 66. e7 Kf7 67. Ke5
Kxg6 68. e8=Q+ {LoszycerSasha a abandonné} 1-0

[Event "Tournament 14471 - Europe Echecs"]
[Site "Europe Echecs"]
[Date "2020.07.09"]
[Round "1"]
[Time "14:05:03"]
[PlyCount "105"]
[White "PommereulEmma"]
[Black "DincovIoan"]
[WhiteElo "1161"]
[BlackElo "1549"]
[Mode "WEB"]
[Result "0-1"]

1. e4 e6 2. Nf3 d5 3. exd5 exd5 4. Bb5+ c6 5. Ba4 Bd6 6. d4 Ne7 7. Nc3 O-O 8.
O-O Bf5 9. Re1 Nd7 10. Bg5 f6 11. Bh4 a5 12. a3 Ng6 13. Bg3 Bxg3 14. fxg3 b5 15.
Bb3 Nb6 16. a4 b4 17. Na2 Re8 18. Qd2 Qd7 19. c3 Be4 20. Ng5 bxc3 21. Nxc3 fxg5
22. Nxe4 Nc4 23. Bxc4 dxc4 24. Nxg5 Rxe1+ 25. Rxe1 Rd8 26. Qxa5 Qxd4+ 27. Kh1
Rb8 28. Qc7 Qxb2 29. Qxc6 Qf6 30. Qxc4+ Kh8 31. Nf7+ Kg8 32. Nd6+ Kh8 33. Nf7+
Kg8 34. Ne5+ Kh8 35. Nxg6+ hxg6 36. h3 Qf2 37. Qh4+ Kg8 38. Qc4+ Kh7 39. Qe2
Qxg3 40. a5 Ra8 41. a6 Rxa6 42. Rd1 Rf6 43. Rd3 Qh4 44. Rd7 Qg3 45. Rd3 Qf4 46.
Rf3 Qc1+ 47. Kh2 Qc7+ 48. Kh1 Rb6 49. Rf1 Rc6 50. Qd2 Rc2 51. Qe3 Qc6 52. Kh2
Qxg2# {PommereulEmma est échec et mat} 0-1

[Event "Tournament 14471 - Europe Echecs"]
[Site "Europe Echecs"]
[Date "2020.07.09"]
[Round "1"]
[Time "14:05:03"]
[PlyCount "96"]
[White "TaharountIlyan"]
[Black "BennounaGreene"]
[WhiteElo "1547"]
[BlackElo "1156"]
[Mode "WEB"]
[Result "1-0"]

1. e4 e5 2. Nf3 Nc6 3. d4 exd4 4. Nxd4 Bc5 5. Be3 Qf6 6. c3 Nge7 7. g3 Ng6 8.
Bg2 O-O 9. O-O Bxd4 10. cxd4 Nxd4 11. Bxd4 Qe6 12. f4 f5 13. e5 c6 14. Bc5 Re8
15. Nc3 b6 16. Bd6 Ba6 17. Re1 Rac8 18. a4 Qc4 19. Rc1 Qd3 20. Qb3+ Qc4 21.
Qxc4+ Bxc4 22. Bh3 Be6 23. Ne2 b5 24. axb5 cxb5 25. Nd4 a6 26. Bxf5 Rc4 27. Nxe6
dxe6 28. Bxg6 hxg6 29. Rxc4 bxc4 30. Rc1 Rc8 31. b3 c3 32. Rc2 a5 33. Kf2 Rc6
34. Ke3 Rc8 35. Kd3 Rc6 36. Rxc3 Rxc3+ 37. Kxc3 Kf7 38. Kc4 Ke8 39. Kb5 Kd7 40.
Kxa5 Kc6 41. b4 Kb7 42. Kb5 Kc8 43. Kc6 Kd8 44. b5 Kc8 45. b6 Kd8 46. b7 Ke8 47.
b8=Q+ Kf7 48. Qf8# {BennounaGreene est échec et mat} 1-0

[Event "Tournament 14471 - Europe Echecs"]
[Site "Europe Echecs"]
[Date "2020.07.09"]
[Round "1"]
[Time "14:05:03"]
[PlyCount "81"]
[White "ChadiGillesMat"]
[Black "GrondinMarine"]
[WhiteElo "1156"]
[BlackElo "1533"]
[Mode "WEB"]
[Result "0-1"]

1. e3 e6 2. Nf3 Nf6 3. Nc3 d5 4. d4 c5 5. b3 Nc6 6. Bb2 a6 7. h3 b5 8. a4 b4 9.
Ne2 Be7 10. g4 Qb6 11. Ne5 Nxe5 12. dxe5 Nd7 13. Bg2 Qc7 14. O-O Bb7 15. c4 dxc4
16. Bxb7 Qxb7 17. bxc4 Qe4 18. Ng3 Qxc4 19. Qc1 Qxc1 20. Raxc1 O-O 21. Rfd1 Nb6
22. Rd2 Nxa4 23. Ne4 Nxb2 24. Rxb2 Rfc8 25. Nd2 a5 26. Nc4 Rc6 27. Kg2 a4 28.
Kf3 a3 29. Nxa3 bxa3 30. Ra2 c4 31. Rcc2 c3 32. h4 Rb8 33. Rxc3 Rxc3 34. g5 Rb2
35. Rxa3 Rxa3 36. Kg2 Raa2 37. Kf3 Rxf2+ 38. Ke4 Ra4+ 39. Kd3 Rxh4 40. g6 hxg6 {ChadiGillesMat a abandonné} 0-1

[Event "Tournament 14471 - Europe Echecs"]
[Site "Europe Echecs"]
[Date "2020.07.09"]
[Round "1"]
[Time "14:05:03"]
[PlyCount "65"]
[White "SherpaHaarSchm"]
[Black "NajaryanArtur"]
[WhiteElo "1150"]
[BlackElo "1526"]
[Mode "WEB"]
[Result "0-1"]

1. e4 c5 2. Nc3 Nc6 3. Bc4 g6 4. Nf3 Bg7 5. O-O e6 6. b3 Nge7 7. Bb2 d5 8. exd5
exd5 9. Bb5 O-O 10. Bxc6 Nxc6 11. Re1 Bg4 12. h3 Bf5 13. Na4 Bxb2 14. Nxb2 Qf6
15. Na4 b6 16. d3 Rfe8 17. c4 Rxe1+ 18. Qxe1 d4 19. Rd1 Bxh3 20. Qe4 Bd7 21. Re1
Re8 22. Qh4 Rxe1+ 23. Kh2 Qxh4+ 24. Nxh4 Re2 25. a3 Rxf2 26. Kg3 Rd2 27. Kh2
Rxd3 28. Nb2 Rxb3 29. Nd3 Rxd3 30. Kh1 Ne5 31. Kh2 Ng4+ 32. Kh1 Rd1# {SherpaHaarSchm est échec et mat} 0-1

[Event "Tournament 14471 - Europe Echecs"]
[Site "Europe Echecs"]
[Date "2020.07.09"]
[Round "1"]
[Time "14:05:03"]
[PlyCount "60"]
[White "DaudeAlexandre"]
[Black "VerdierSolene"]
[WhiteElo "1518"]
[BlackElo "1150"]
[Mode "WEB"]
[Result "1-0"]

1. e4 e5 2. Bc4 Bc5 3. Nf3 Nc6 4. c3 Nf6 5. d4 exd4 6. cxd4 Bb4+ 7. Bd2 Bxd2+ 8.
Nbxd2 O-O 9. e5 Ng4 10. O-O d6 11. h3 Nh6 12. Re1 dxe5 13. dxe5 Re8 14. Qc2 Bf5
15. Qc3 Kf8 16. Rad1 Qe7 17. Bb5 Qe6 18. Nc4 a6 19. Nd4 Qg6 20. Nxf5 Qxf5 21.
Bxc6 bxc6 22. Ne3 Qe6 23. Qc5+ Kg8 24. Nc4 f6 25. Qd4 Qe7 26. Re3 Rad8 27. exf6
Qxf6 28. Rxe8+ Rxe8 29. Qd7 Nf7 30. Qxe8# {VerdierSolene est échec et mat} 1-0

[Event "Tournament 14471 - Europe Echecs"]
[Site "Europe Echecs"]
[Date "2020.07.09"]
[Round "1"]
[Time "14:05:03"]
[PlyCount "53"]
[White "GuichardAxel"]
[Black "FondratJohan"]
[WhiteElo "1148"]
[BlackElo "1509"]
[Mode "WEB"]
[Result "0-1"]

1. e4 c5 2. Nf3 Nc6 3. Bd3 g6 4. Bb5 d6 5. d3 Bg7 6. Nc3 Bd7 7. Bg5 Nf6 8. O-O
O-O 9. Re1 a6 10. Ba4 Rc8 11. a3 Nd4 12. Nxd4 cxd4 13. Bxd7 Qxd7 14. Ne2 e5 15.
c3 dxc3 16. Nxc3 b5 17. Qd2 Rfe8 18. Rac1 h5 19. Qe3 Kh7 20. Qf3 Ng8 21. Nd5 Rf8
22. Nf6+ Nxf6 23. Bxf6 Bh6 24. Rxc8 Rxc8 25. Bh4 Rc1 26. Rxc1 Bxc1 {GuichardAxel a perdu au temps} 0-1